[Event "Bedford e2e4 U2000"]
[Site "Bedford"]
[Date "2013.09.21"]
[Round "3"]
[White "Hjort, Helge"]
[Black "Pal, Tapan"]
[Result "1-0"]
[WhiteElo "1991"]
[BlackElo "1576"]
[PlyCount "39"]
[EventDate "2013.09.20"]
[EventType "swiss"]
[EventRounds "5"]
[EventCountry "ENG"]
[SourceTitle "EXT 2023"]
[Source "ChessBase"]
[SourceDate "2022.10.05"]
[SourceVersion "1"]
[SourceVersionDate "2022.10.05"]
[SourceQuality "1"]

1. e4 e5 2. Nf3 Nf6 3. Nc3 Nc6 4. d4 exd4 5. Nxd4 d6 6. Bc4 g6 7. Bg5 h6 8. Bh4 g5 9. Bg3 Ne5 10. Bb3 c6 11. h4 Bg7 12. hxg5 hxg5 13. Rxh8+ Bxh8 14. Bxe5 dxe5 15. Nf3 Qxd1+ 16. Rxd1 Nh7 17. Ke2 Bg4 18. Rh1 0-0-0 19. Rxh7 f5 20. Be6+ 1-0

[Event "Bedford e2e4 U2000"]
[Site "Bedford"]
[Date "2013.09.21"]
[Round "2"]
[White "Pal, Tapan"]
[Black "Waters, Andrew"]
[Result "1-0"]
[WhiteElo "1576"]
[BlackElo "1822"]
[PlyCount "59"]
[EventDate "2013.09.20"]
[EventType "swiss"]
[EventRounds "5"]
[EventCountry "ENG"]
[SourceTitle "EXT 2023"]
[Source "ChessBase"]
[SourceDate "2022.10.05"]
[SourceVersion "1"]
[SourceVersionDate "2022.10.05"]
[SourceQuality "1"]

1. e4 Nf6 2. Nc3 e5 3. Nf3 Nc6 4. d4 exd4 5. Nxd4 Bc5 6. Nb3 Bb6 7. Bd3 d6 8. Bg5 Bg4 9. Qd2 h6 10. Bh4 g5 11. Bg3 Qd7 12. h4 0-0-0 13. f3 Be6 14. 0-0-0 Nh5 15. Bf2 Nf4 16. Bxb6 axb6 17. Bb5 Qe7 18. g3 Ng6 19. Nd5 Bxd5 20. exd5 Nce5 21. Nd4 gxh4 22. f4 Ng4 23. Qb4 Qe3+ 24. Kb1 c5 25. dxc6 Nf2 26. Rde1 Qxg3 27. Qc4 Nxh1 28. cxb7+ Kb8 29. Nc6+ Kxb7 30. Qxf7+ 1-0